| 000 | 00566nam a2200169Ia 4500 | ||
|---|---|---|---|
| 008 | 090711s9999 xx 000 0 und d | ||
| 082 | _b70513 | ||
| 100 | _aकोल्हटकर उल्हास | ||
| 245 | _aबीज अंकुरे अंकुरे | ||
| 260 | _c1992 | ||
| 300 | _a137 | ||
| 600 | _aकोल्हटकर उल्हास | ||
| 630 | _aबीज अंकुरे अंकुरे | ||
| 700 | _aकोल्हटकर उल्हास | ||
| 730 | _aबीज अंकुरे अंकुरे | ||
| 942 | _cBOOK | ||
| 999 |
_c309267 _d309267 |
||